000 00740nam a2200253Ia 4500
003 OSt
005 20220918185301.0
006 a|||||r|||| 00| 0
007 ta
008 220917b |||||||| |||| 00| 0 eng d
024 _a50,455
037 _cTextual
040 _aARTS
_cARTS
_beng
041 _2eng
_aeng
082 _aP:(R), K2;4 (PD)
100 _aVygotsky L S
_923652
245 0 _aThought and language ed and tr by Eugenia Hanfmann and Gertrude Vakar
260 _aCambridge
_bMIT Press
_c1966
300 _axxi,168p.
_ccm.
490 _aMassachustts Institute of technology paperback series
650 _aLINGUISTICS
942 _hP:(R), K2;4 (PD)
_cTEXL
_2CC
999 _c180051
_d180051